[Event "ESP-ch Rapid 2018"]
[Site "Linares"]
[Date "2018.08.19"]
[Round "4"]
[White "Cuevas Fernandez, Jose Alberto"]
[Black "Galiana Fernandez, Adrian"]
[Result "1-0"]
[WhiteElo "2147"]
[BlackElo "2291"]
[Annotator "TA"]
[EventDate "2018.08.19"]
[PlyCount "108"]
[EventType "team-tourn"]
[EventCountry "ESP"]

1. d4 Nf6 2. c4 g6 3. Nc3 d5 4. Bg5 Bg7 5. Nf3 Ne4 6. Bh4 c5 7. e3 cxd4 8.
exd4 Qa5 9. cxd5 Bg4 10. Qd3 $146 Nxc3 $11 11. Qxc3 Qxd5 $15 12. Be2 Nc6
13. O-O Rc8 14. Qa3 O-O 15. Rfd1 e6 16. h3 Bf5 17. Bg3 Rfd8 18. Rac1 Nxd4
19. Nxd4 Rxc1 20. Rxc1 Qxd4 21. Rd1 $11 Qb6 22. Rxd8+ Qxd8 23. Qxa7 Be4 24.
Bf3 Bd4 25. Qa3 Bxf3 26. gxf3 Qd5 27. b4 Kg7 28. Kg2 Bf6 29. Bf4 h5 30. Be3
g5 31. Bc5 g4 32. hxg4 hxg4 33. Qe3 b5 34. Qf4 gxf3+ 35. Qxf3 Kg6 36. Qxd5
exd5 37. Kf3 Kf5 38. Ke3 Be5 39. Bd4 Bd6 40. Bc5 Be5 41. Bd4 Bf4+ 42. Kd3
Kg4 43. Be3 Be5 44. Bd4 f6 45. Ke3 Kf5 46. f3 Ke6 47. f4 Bd6 48. Bc5 Bxc5+
49. bxc5 Kd7 50. Kd3 $1 Kc7 $1 51. Kc3 f5 $2 52. Kd4 Kc6 53. a3 Kc7 54. Kc3
$2 Kc6 1-0

[Event "ESP-ch Rapid 2018"]
[Site "Linares"]
[Date "2018.08.19"]
[Round "4"]
[White "Iglesias Leon, Francisco J"]
[Black "Campos Gambuti, Luis Maria"]
[Result "0-1"]
[WhiteElo "2129"]
[BlackElo "2382"]
[Annotator "TA"]
[EventDate "2018.08.19"]
[PlyCount "98"]
[EventType "team-tourn"]
[EventCountry "ESP"]

1. Nf3 d5 2. b3 Bg4 3. Bb2 Nd7 4. d3 Bxf3 5. exf3 e5 6. f4 exf4 7. Qg4 $146
Ngf6 8. Qxf4 Bd6 9. Qe3+ Qe7 10. Qxe7+ Kxe7 11. Be2 Rhe8 12. O-O Kf8 13.
Bf3 Be5 14. d4 Bd6 15. Nc3 c6 16. Rfe1 a5 17. Kf1 h5 18. h3 g6 19. Rxe8+
Nxe8 20. a4 f5 21. g4 hxg4 22. hxg4 Ng7 23. Ne2 Nf6 24. gxf5 $1 Nxf5 25. c4
Kf7 26. Rd1 Rh8 27. Bc1 Rh3 28. Ng1 Rh4 29. Ne2 Ne4 30. cxd5 cxd5 31. Kg1
Ke6 32. Bb2 $2 Rh3 $1 $19 33. Bxe4 dxe4 34. Nc3 e3 $1 35. Re1 Kd7 36. fxe3
$17 Nxe3 37. Ne4 Nd5 38. Nxd6 $15 Kxd6 39. Ba3+ Nb4 40. Bxb4+ axb4 $11 41.
Re5 $1 Rxb3 42. Rb5 Rb2 43. Kh1 $2 b3 $2 44. Kg1 g5 $1 45. Kh1 $2 g4 $2 46.
Kg1 $2 g3 $2 47. Kh1 $2 Rh2+ 48. Kg1 b2 49. a5 Rc2 0-1

[Event "ESP-ch Rapid 2018"]
[Site "Linares"]
[Date "2018.08.19"]
[Round "4"]
[White "Fernandez Torre, Ivan"]
[Black "Sande Edreira, Jose Antonio"]
[Result "0-1"]
[WhiteElo "2128"]
[BlackElo "2230"]
[Annotator "TA"]
[EventDate "2018.08.19"]
[PlyCount "92"]
[EventType "team-tourn"]
[EventCountry "ESP"]

1. d4 Nf6 2. c4 g6 3. Nc3 Bg7 4. e4 d6 5. h3 O-O 6. Be3 Na6 7. Nf3 e5 8. d5
Nc5 9. Qc2 a5 10. Be2 c6 11. Nd2 Bd7 12. a3 $146 cxd5 13. cxd5 a4 14. O-O
Qb8 15. Bb5 Rc8 $11 16. Bxc5 Rxc5 17. Bxd7 Nxd7 18. b4 axb3 19. Nxb3 Rc8
20. Qd2 Bf6 21. Nb5 Nc5 22. Nxc5 Rxc5 23. a4 Bd8 24. Rfc1 Bb6 25. Rxc5 Bxc5
26. Qg5 Kg7 27. Qe7 Qd8 28. Qxb7 Qa5 29. Nc7 $2 Ra7 $1 $19 30. Ne6+ Kh6 31.
Qc8 fxe6 32. Qf8+ $17 Rg7 33. Qf6 Rb7 34. Qf8+ Rg7 $2 35. Qf6 $11 Rb7 $2
36. Qf8+ $1 $17 Kg5 $1 37. h4+ Kxh4 $2 38. Qh6+ $2 Kg4 $19 39. Qh3+ Kg5 40.
Qg3+ Kf6 41. Qh4+ Kg7 42. dxe6 Qc7 43. a5 Qe7 44. Qg4 Rb2 45. a6 Rxf2 46.
Kh1 Rf4 0-1

[Event "ESP-ch Rapid 2018"]
[Site "Linares"]
[Date "2018.08.19"]
[Round "4"]
[White "Cuesta Bustos, Raul"]
[Black "Martin Rueda, Daniel"]
[Result "0-1"]
[WhiteElo "2126"]
[BlackElo "2267"]
[Annotator "TA"]
[EventDate "2018.08.19"]
[PlyCount "86"]
[EventType "team-tourn"]
[EventCountry "ESP"]

1. e4 c5 2. d4 cxd4 3. c3 d3 4. Bxd3 d6 5. c4 Nd7 6. Nc3 e6 7. Nf3 a6 8.
O-O Be7 $146 9. Bf4 Qc7 10. Qe2 Ne5 11. Rac1 Nf6 12. c5 Qb8 13. Na4 $16
Nfd7 14. Rfd1 O-O 15. Bc4 Nxc4 $14 16. Rxc4 e5 17. Bg3 dxc5 $15 18. Rxd7 $2
Bxd7 $19 19. Nb6 Bb5 20. Bxe5 Bd6 21. Bxd6 Qxd6 22. Nxa8 Bxc4 23. Qxc4 Qd1+
24. Qf1 Qxf1+ 25. Kxf1 Rxa8 26. Ke2 Rd8 27. Nd2 f6 28. f3 Kf7 29. Nc4 Ke6
30. Ne3 g6 31. Nc4 Rd4 32. b3 f5 33. exf5+ gxf5 34. Ne3 h5 35. Nc2 Rd6 36.
Ne3 b5 37. Nf1 c4 38. bxc4 bxc4 39. Nd2 Rd4 40. Ke3 Kd5 41. g3 c3 42. Nb3
c2 43. h3 Rd1 0-1

[Event "ESP-ch Rapid 2018"]
[Site "Linares"]
[Date "2018.08.19"]
[Round "4"]
[White "Cabrera Ruiz, Luis"]
[Black "Vega Gutierrez, Sabrina"]
[Result "1/2-1/2"]
[WhiteElo "2122"]
[BlackElo "2390"]
[Annotator "TA"]
[EventDate "2018.08.19"]
[PlyCount "101"]
[EventType "team-tourn"]
[EventCountry "ESP"]

1. e4 c5 2. c4 Nc6 3. Ne2 Nf6 4. Nbc3 e5 5. g3 d6 6. Bg2 Be6 7. d3 Be7 8.
O-O Qd7 9. f4 Bg4 10. f5 $146 a6 11. Be3 Nd4 12. h3 Bxe2 13. Nxe2 b5 14. b3
h5 15. Nxd4 $14 cxd4 16. Bd2 h4 17. g4 Nh7 18. Qc1 bxc4 19. Qxc4 O-O $11
20. Rac1 Rfc8 21. Qd5 Nf6 22. Qa5 Qb5 23. Qxb5 axb5 24. Rxc8+ Rxc8 25. Rc1
Rxc1+ 26. Bxc1 Nd7 27. Bd2 Nc5 28. Bf1 g5 29. Kf2 Kf8 30. Ke2 Ke8 31. Kd1
Kd7 32. Kc2 Kc6 33. Be2 Bd8 34. Bf3 f6 35. Be2 Be7 36. Bf3 Bd8 37. Be2 Na6
38. b4 Nc7 39. Kb2 d5 40. Bf3 dxe4 41. Bxe4+ Kb6 42. Kb3 Ne8 43. a4 bxa4+
44. Kxa4 Nd6 45. Bd5 Be7 46. Kb3 Nb5 47. Bc4 Nd6 48. Bd5 Nb5 49. Bc4 Nd6
50. Bd5 Nb5 51. Be6 1/2-1/2

[Event "ESP-ch Rapid 2018"]
[Site "Linares"]
[Date "2018.08.19"]
[Round "4"]
[White "Fernandez Diaz, Ignacio"]
[Black "Jimenez Martinez, Jose Vicente"]
[Result "0-1"]
[WhiteElo "2071"]
[BlackElo "2243"]
[Annotator "TA"]
[EventDate "2018.08.19"]
[PlyCount "34"]
[EventType "team-tourn"]
[EventCountry "ESP"]

1. e3 g6 2. f4 d6 3. d4 Bg7 4. Nf3 Nf6 5. Bd3 O-O 6. O-O c5 7. c3 cxd4 8.
exd4 Nc6 9. f5 $146 e5 10. fxg6 e4 11. gxf7+ Kh8 12. Ng5 $1 exd3 13. Qxd3
h6 $132 14. Rxf6 $1 hxg5 15. Rf3 g4 16. Qg6 Qh4 17. Bg5 Qh7 0-1

[Event "ESP-ch Rapid 2018"]
[Site "Linares"]
[Date "2018.08.19"]
[Round "4"]
[White "Lopez Gonzalez, Alfonso"]
[Black "Merario Alarcon, Andres"]
[Result "1/2-1/2"]
[WhiteElo "2063"]
[BlackElo "2406"]
[Annotator "TA"]
[EventDate "2018.08.19"]
[PlyCount "62"]
[EventType "team-tourn"]
[EventCountry "ESP"]

1. d4 Nf6 2. c4 g6 3. Nc3 Bg7 4. e4 O-O 5. h3 d6 6. Bd3 c5 7. d5 e6 8. Nf3
exd5 9. cxd5 b5 10. Bxb5 Nxe4 11. Nxe4 Qa5+ 12. Nfd2 Qxb5 13. Nxd6 Qa6 14.
N2c4 Nd7 15. O-O Nb6 16. Nxb6 Qxb6 17. Nxc8 Raxc8 18. Qc2 c4 19. Rb1 Rfd8
$1 20. Be3 Qb7 $146 21. Rfd1 Rxd5 22. Rxd5 Qxd5 23. Rd1 Qa5 24. a3 a6 25.
Bd2 c3 26. Bxc3 $1 $16 Bxc3 27. Rc1 Rc7 28. bxc3 Qxa3 29. c4 Qc5 30. Ra1 a5
31. Qa4 Qxc4 1/2-1/2

[Event "ESP-ch Rapid 2018"]
[Site "Linares"]
[Date "2018.08.19"]
[Round "4"]
[White "Crespo Ruiz, Manuel Maria"]
[Black "Silva Rodriguez, Fernando"]
[Result "1/2-1/2"]
[WhiteElo "2026"]
[BlackElo "2239"]
[Annotator "TA"]
[EventDate "2018.08.19"]
[PlyCount "116"]
[EventType "team-tourn"]
[EventCountry "ESP"]

1. d4 d5 2. Nf3 Nf6 3. Bg5 c5 4. e3 Nc6 5. c3 Qb6 6. Qc1 Bf5 7. Be2 e6 8.
O-O Be7 9. Ne5 $146 Nxe5 10. dxe5 Nd7 11. Bf4 Qc7 12. Nd2 Nxe5 13. Bb5+ Kf8
14. Qd1 Bd6 15. Bg3 Nc6 16. Qe2 Bxg3 $17 17. fxg3 a6 18. Ba4 Rd8 19. e4
dxe4 20. Nxe4 Qe5 21. Bc2 Bxe4 22. Bxe4 $11 Ke7 23. Qf3 $36 Rhf8 24. Bxc6
bxc6 25. Qxc6 Qd6 26. Qe4 Qd3 27. Qg4 Qg6 28. Qc4 $16 Rd5 29. Rf2 Rfd8 30.
Raf1 f6 31. Qxa6 Qg4 32. Rf4 Qg5 33. Qc4 Rd2 34. b4 Qd5 35. Qxd5 R8xd5 $11
36. c4 R5d3 37. bxc5 Rxa2 38. R4f2 Rxf2 39. Kxf2 $15 Rc3 40. Ra1 f5 41. Ra4
Kf6 42. Rb4 Ke5 43. Rb7 g5 44. Rxh7 Rxc4 45. Rc7 Kd5 46. Kf3 Rc3+ 47. Kf2
Rc2+ 48. Kf1 e5 49. h4 gxh4 50. gxh4 Rxc5 $2 51. Rxc5+ Kxc5 $11 52. Kf2 $2
Kd6 53. Kf3 Ke6 54. g4 fxg4+ 55. Kxg4 Kf6 56. Kf3 Kg6 57. Ke4 Kh5 58. Kxe5
Kxh4 1/2-1/2

[Event "ESP-ch Rapid 2018"]
[Site "Linares"]
[Date "2018.08.19"]
[Round "4"]
[White "Izquierdo Puertas, Carlos"]
[Black "Carretero Ortiz, Francisco"]
[Result "0-1"]
[WhiteElo "2010"]
[BlackElo "2241"]
[Annotator "TA"]
[EventDate "2018.08.19"]
[PlyCount "160"]
[EventType "team-tourn"]
[EventCountry "ESP"]

1. e4 d5 2. exd5 Nf6 3. d4 Nxd5 4. c4 Nb6 5. Nc3 e5 6. Be3 exd4 7. Qxd4
Qxd4 8. Bxd4 Nc6 9. Be3 Be6 10. b3 Bb4 11. Ne2 O-O-O $1 12. a3 Be7 13. Nb5
$146 Bf6 $1 $19 14. Rd1 Rxd1+ 15. Kxd1 a6 $2 16. Nbc3 Na5 17. Kc2 $1 $11
Bf5+ 18. Kb2 Rd8 19. Ng3 Bd3 20. Be2 Naxc4+ $1 21. bxc4 Na4+ $1 22. Kb3
Nxc3 23. Bg4+ Kb8 24. Nh5 Ne4 $36 25. f3 Be2 26. Nf4 $2 Nd2+ $19 27. Bxd2
Rxd2 28. Rb1 $2 Bd1+ 29. Kb4 b6 30. Nd5 Be5 31. Bf5 a5+ $2 32. Kb5 Kb7 33.
Bd7 Be2 34. Bc6+ Ka7 35. f4 Bd6 36. Rb3 Rc2 37. Ne3 Rc1 38. Bd5 Bxf4 39.
Nf5 c6+ 40. Kxc6 Bxc4 41. Bxc4 Rxc4+ 42. Kd5 Rc5+ 43. Ke4 Bxh2 44. Nxg7
Re5+ 45. Kf3 $2 b5 46. g4 Kb6 47. Nf5 h5 $1 48. Nd4 $2 hxg4+ 49. Kxg4 Re4+
50. Kh3 Rxd4 51. Kxh2 b4 52. axb4 axb4 53. Kg2 Kb5 54. Kf3 Kc4 55. Rb1 b3
56. Ke3 Rd7 57. Rc1+ Kb4 58. Rc8 Rb7 59. Kd2 Ka3 60. Kc1 f5 61. Ra8+ Kb4
62. Rf8 Rb5 63. Kb2 Kc4 64. Rd8 Rc5 65. Rf8 Kd4 66. Kxb3 Ke4 67. Kb2 f4 68.
Re8+ Kd3 69. Rd8+ Ke3 70. Re8+ Kf2 71. Rf8 f3 72. Rf7 Ke2 73. Re7+ Kf1 74.
Rf7 f2 75. Rf8 Ke2 76. Re8+ Kf3 77. Rf8+ Ke3 78. Kb1 Rc4 79. Re8+ Re4 80.
Rf8 Ke2 0-1

[Event "ESP-ch Rapid 2018"]
[Site "Linares"]
[Date "2018.08.19"]
[Round "4"]
[White "Ordonez Torres, Jesus"]
[Black "Perera Borrego, Maria Adela"]
[Result "1-0"]
[WhiteElo "1989"]
[BlackElo "2177"]
[Annotator "TA"]
[EventDate "2018.08.19"]
[PlyCount "43"]
[EventType "team-tourn"]
[EventCountry "ESP"]

1. e4 d6 2. d4 Nf6 3. Nc3 e5 4. Nf3 Nbd7 5. Bc4 Be7 6. g4 Nxg4 7. Rg1 Ngf6
$2 8. Bxf7+ $1 $18 Kf8 $146 9. Ng5 Nb6 10. Bb3 c5 11. Nf7 Qd7 12. dxc5 dxc5
13. Nxh8 c4 14. Qf3 cxb3 15. axb3 Qh3 16. Rg3 Qxh2 $2 17. Be3 Nd7 $2 18.
O-O-O Qh5 19. Qg2 Qe8 20. Rxg7 a5 21. Bh6 Qh5 22. Rg8# 1-0

[Event "ESP-ch Rapid 2018"]
[Site "Linares"]
[Date "2018.08.19"]
[Round "4"]
[White "Vazquez Gonzalez, Francisco"]
[Black "Martinez Reyes, Pedro Ramon"]
[Result "1-0"]
[WhiteElo "1926"]
[BlackElo "2412"]
[Annotator "TA"]
[EventDate "2018.08.19"]
[PlyCount "83"]
[EventType "team-tourn"]
[EventCountry "ESP"]

1. e4 e6 2. Bd3 c5 3. c3 d5 4. exd5 $146 Qxd5 5. Qf3 Nf6 6. Bc2 Nc6 7. Qxd5
Nxd5 8. Ne2 Bd6 9. O-O Bd7 10. Na3 Rc8 11. d3 O-O 12. Be3 b6 13. d4 Nxe3
14. fxe3 cxd4 15. Nb5 Bb8 16. exd4 Nb4 $1 17. Na3 Nxc2 18. Nxc2 e5 19. Rad1
Bb5 20. Rf2 e4 21. Ne3 g6 $36 22. Nd5 Kg7 $17 23. Nef4 Rce8 24. Re1 f5 $19
25. b3 Bc6 26. c4 Bb7 27. h4 Rd8 $2 28. Ne6+ $16 Kh6 $2 29. Nxf8 $18 Rxf8
30. Rxe4 $1 Rd8 31. Re7 Bxd5 32. cxd5 Rxd5 33. Rd2 b5 34. Kf2 a5 35. Kf3 b4
36. Rb7 Be5 37. Re2 $2 Bf6 38. g3 Rd6 $2 39. Rc2 Rxd4 40. Rcc7 g5 41. Rxh7+
Kg6 42. h5# 1-0

[Event "ESP-ch Rapid 2018"]
[Site "Linares"]
[Date "2018.08.19"]
[Round "4"]
[White "Diaz Sanchez, Jose Francisco"]
[Black "Fernandez De Bobadilla, Gabriel"]
[Result "0-1"]
[WhiteElo "1707"]
[BlackElo "2175"]
[Annotator "TA"]
[EventDate "2018.08.19"]
[PlyCount "86"]
[EventType "team-tourn"]
[EventCountry "ESP"]

1. e4 c5 2. c3 d5 3. exd5 Qxd5 4. d4 e6 5. Nf3 Nf6 6. Be3 cxd4 7. Nxd4 a6
8. Nd2 Be7 9. Qb3 $146 O-O 10. Rd1 b5 11. N2f3 Bb7 12. Be2 Nbd7 13. O-O Nc5
14. Qxd5 Bxd5 15. a3 Rac8 16. Nd2 Na4 17. Rb1 Ne4 18. Bd3 Nxd2 $17 19. Bxd2
Rfd8 20. Be3 Bf6 21. Bc2 $1 Nxc3 22. bxc3 Rxc3 23. Rfc1 g6 24. a4 Rdc8 25.
axb5 $11 axb5 26. Nxb5 Rxc2 $17 27. Rxc2 Rxc2 28. h3 Kg7 29. Rc1 Rxc1+ 30.
Bxc1 Ba1 31. Nc3 $2 Bxc3 $19 32. Be3 e5 33. Kf1 Bd4 34. Bd2 f5 35. f3 Kf6
36. Ke2 Bc4+ 37. Ke1 Ke6 38. Bb4 e4 39. fxe4 fxe4 40. Ba5 e3 41. Bb4 e2 42.
Bd2 Kf5 43. g4+ Ke4 0-1

[Event "ESP-ch Rapid 2018"]
[Site "Linares"]
[Date "2018.08.19"]
[Round "5"]
[White "Huerga Leache, Mikel"]
[Black "Anton Guijarro, David"]
[Result "0-1"]
[WhiteElo "2451"]
[BlackElo "2652"]
[Annotator "TA"]
[EventDate "2018.08.19"]
[PlyCount "114"]
[EventType "team-tourn"]
[EventCountry "ESP"]

1. Nf3 Nf6 2. d4 d6 3. g3 Nc6 4. Bg2 e5 5. dxe5 dxe5 6. Qxd8+ Kxd8 7. Bg5
$146 Bd6 8. Nc3 Be6 9. O-O-O Ke8 10. Nb5 Ke7 11. Kb1 h6 12. Bc1 Ng4 13.
Rhf1 Rad8 14. h3 Nf6 15. b3 Rd7 16. Nxd6 cxd6 17. Ba3 Rc8 18. g4 a5 19. Ne1
$14 Nd4 20. Rd2 Nb5 $15 21. Bb2 Nc3+ 22. Bxc3 Rxc3 23. Kb2 Rc8 24. f4 $11
exf4 25. Rxf4 g5 26. Ra4 b6 27. Nf3 Rc5 28. Nd4 Rdc7 $15 29. e4 Bd7 30.
Nf5+ Rxf5 $1 31. exf5 Bxa4 32. bxa4 $17 Rc4 33. Bf1 Rb4+ 34. Ka3 Ne4 35.
Rd3 d5 36. Rb3 Rxb3+ $19 37. axb3 Kd6 38. c4 $2 Nd2 39. Be2 dxc4 40. Kb2
cxb3 41. Kc3 Ne4+ 42. Kxb3 Kc5 43. Bd3 Nd6 44. Kc3 f6 45. Bc2 b5 46. axb5
Nxb5+ 47. Kd3 Nc7 48. Bd1 Nd5 49. Ba4 Nf4+ 50. Ke4 Nxh3 51. Be8 Nf4 52. Bd7
Kb4 53. Kd4 a4 54. Be6 h5 55. gxh5 Nxh5 56. Kd5 a3 57. Kd4 Ng7 0-1

[Event "ESP-ch Rapid 2018"]
[Site "Linares"]
[Date "2018.08.19"]
[Round "5"]
[White "Cruz Lledo, Pablo"]
[Black "Ljubojevic, Ljubomir"]
[Result "1-0"]
[WhiteElo "2432"]
[BlackElo "2571"]
[Annotator "RC"]
[EventDate "2018.08.19"]
[PlyCount "95"]
[EventType "team-tourn"]
[EventCountry "ESP"]

1. d4 Nf6 2. c4 e6 3. Nc3 Bb4 4. e3 O-O 5. Bd3 d5 6. cxd5 exd5 7. Ne2 Re8
8. O-O Bd6 9. Ng3 c5 10. Nb5 Bf8 11. dxc5 Nc6 12. Nd6 Bxd6 13. cxd6 Qxd6
14. b3 Bg4 15. Qd2 Rad8 16. f3 Bc8 17. Bb2 Qb4 18. Qf2 Ne5 19. Rad1 Qa5 20.
a3 Qb6 21. b4 Bd7 22. Bd4 Qc7 23. Rfe1 Qd6 24. Bb1 Qa6 25. Bb2 Ba4 26. Rc1
Bb5 27. Nf5 Bd3 28. Nxg7 Nfg4 29. Qg3 Kxg7 30. Qxg4+ Kf8 31. Bxe5 Rxe5 32.
Qd4 Bxb1 33. Qxe5 Bg6 34. Qh8+ Ke7 35. Rc7+ Rd7 36. Qe5+ Qe6 37. Rxd7+ Kxd7
38. Qxe6+ fxe6 39. Rc1 Bd3 40. Kf2 Bc4 41. e4 Kc6 42. Ke3 Kb5 43. Kd4 Ka4
44. Rxc4 dxc4 45. Kxc4 Kxa3 46. f4 Ka4 47. f5 b5+ 48. Kc3 1-0

[Event "ESP-ch Rapid 2018"]
[Site "Linares"]
[Date "2018.08.19"]
[Round "5"]
[White "Carretero Ortiz, Francisco"]
[Black "Crespo Ruiz, Manuel Maria"]
[Result "1/2-1/2"]
[WhiteElo "2241"]
[BlackElo "2026"]
[Annotator "NA"]
[EventDate "2018.08.19"]
[PlyCount "118"]
[EventType "team-tourn"]
[EventCountry "ESP"]

1. e4 d5 2. Nc3 dxe4 3. Nxe4 Qd5 4. Qf3 c6 5. Nc3 Qxf3 6. Nxf3 Nf6 7. Bc4
Bf5 8. O-O e6 9. Re1 Nbd7 10. Nd4 Bg6 11. f4 Bc5 12. Ne2 Nb6 13. Bb3 O-O-O
14. c3 Bd3 15. Kh1 h5 16. Bc2 Ne4 17. Bxd3 Nf2+ 18. Kg1 Nxd3 19. Rf1 Nc4
20. b4 Bb6 21. a4 Nxc1 22. Rfxc1 Nxd2 23. a5 Bxd4+ 24. Nxd4 Rxd4 25. cxd4
Nb3 26. Rcb1 Nxa1 27. Rxa1 Rd8 28. Rd1 Rd5 29. Kf2 Kc7 30. Ke3 Kd6 31. Kd3
g5 32. fxg5 Rxg5 33. g3 f6 34. Rf1 Rg6 35. Ke4 Rg4+ 36. Ke3 f5 37. Rf2 Re4+
38. Kd3 Kd5 39. Rf4 b6 40. axb6 axb6 41. Rxe4 fxe4+ 42. Ke3 e5 43. dxe5
Kxe5 44. h3 c5 45. bxc5 bxc5 46. g4 hxg4 47. hxg4 c4 48. g5 c3 49. g6 c2
50. Kd2 Kf6 51. Kxc2 Kxg6 52. Kd2 Kf5 53. Ke3 Ke5 54. Ke2 Kd4 55. Kd2 e3+
56. Ke2 Ke4 57. Ke1 Kf3 58. Kf1 e2+ 59. Ke1 Ke3 1/2-1/2

[Event "ESP-ch Rapid 2018"]
[Site "Linares"]
[Date "2018.08.19"]
[Round "6"]
[White "Perez Candelario, Manuel"]
[Black "Merario Alarcon, Andres"]
[Result "0-1"]
[WhiteElo "2611"]
[BlackElo "2406"]
[Annotator "ChessBase"]
[EventDate "2018.08.19"]
[PlyCount "98"]
[EventType "team-tourn"]
[EventCountry "ESP"]

1. e4 e5 2. Nf3 Nc6 3. Bb5 Nf6 4. d3 Bc5 5. O-O Nd4 6. Nxd4 Bxd4 7. c3 Bb6
8. Nd2 c6 9. Ba4 O-O 10. Nf3 d5 11. Nxe5 dxe4 12. d4 Be6 13. Bg5 c5 14.
dxc5 Bxc5 15. Bb3 Re8 16. Nc4 h6 17. Bh4 Qe7 18. Ne3 Rad8 19. Qe2 Bxb3 20.
axb3 Qe6 21. b4 Bxe3 22. Qxe3 g5 23. Bg3 a6 24. h4 Nd5 25. Qc1 Qg4 26. hxg5
hxg5 27. Ra5 Nf4 28. Rxg5+ Qxg5 29. Bxf4 Qg4 30. Be3 Re6 31. Bf4 Rg6 32.
Bg3 Rd3 33. Qf4 e3 34. Qb8+ Kh7 35. fxe3 Qxg3 36. Rxf7+ Rg7 37. Qxg3 Rxf7
38. Qh4+ Kg8 39. Qg4+ Kf8 40. Qc8+ Kg7 41. Qg4+ Kf8 42. c4 Rd2 43. Qc8+ Kg7
44. Qg4+ Kf8 45. Qh4 Kg8 46. Qg5+ Kf8 47. Qh6+ Kg8 48. c5 Rd1+ 49. Kh2 Rh7
0-1

[Event "ESP-ch Rapid 2018"]
[Site "Linares"]
[Date "2018.08.19"]
[Round "6"]
[White "Santos Latasa, Jaime"]
[Black "Anton Guijarro, David"]
[Result "0-1"]
[WhiteElo "2582"]
[BlackElo "2652"]
[Annotator "TA"]
[EventDate "2018.08.19"]
[PlyCount "60"]
[EventType "team-tourn"]
[EventCountry "ESP"]

1. e4 g6 2. d4 Bg7 3. Nc3 d6 4. f4 Nf6 5. Nf3 c5 6. Bb5+ Bd7 7. e5 Ng4 8.
Bxd7+ Qxd7 9. d5 dxe5 10. h3 e4 11. hxg4 exf3 12. Qxf3 f5 13. Be3 $146 fxg4
$11 14. Qe4 Na6 15. O-O-O O-O-O 16. Na4 Qb5 17. Nc3 Qa5 18. Bd2 Nb4 $17 19.
Qe6+ Kb8 20. Qxe7 Bxc3 $1 21. Bxc3 Nxa2+ 22. Kb1 Nxc3+ 23. bxc3 Qb6+ 24.
Kc1 Rhe8 25. Qg7 $2 Qa6 26. Kb2 Qb5+ $1 27. Kc1 Qa4 $1 $40 28. Kb2 $2 Re2
$19 29. Rc1 Qb5+ 30. Ka3 Re4 0-1

[Event "ESP-ch Rapid 2018"]
[Site "Linares"]
[Date "2018.08.19"]
[Round "6"]
[White "Ibarra Jerez, Jose Carlos"]
[Black "Cruz Lledo, Pablo"]
[Result "1-0"]
[WhiteElo "2570"]
[BlackElo "2432"]
[Annotator "ChessBase"]
[EventDate "2018.08.19"]
[PlyCount "91"]
[EventType "team-tourn"]
[EventCountry "ESP"]

1. Nf3 d5 2. g3 Nf6 3. Bg2 g6 4. b3 Bg7 5. Bb2 O-O 6. c4 c6 7. O-O Nbd7 8.
d3 Re8 9. cxd5 cxd5 10. Nc3 e5 11. Rc1 a6 12. b4 b5 13. Nd2 Nb6 14. Nb3 Be6
15. Nc5 d4 16. Nxe6 Rxe6 17. Ne4 Nxe4 18. Bxe4 Rb8 19. Qb3 Rd6 20. Rc2 Bh6
21. e3 Na4 22. Bc1 dxe3 23. fxe3 Rf6 24. Rxf6 Qxf6 25. Rf2 Qe6 26. Bd5 Qb6
27. Bxf7+ Kh8 28. Qd5 Rc8 29. Bd2 Qc7 30. Qe4 Rf8 31. Bb3 Rxf2 32. Kxf2 Nb6
33. Ke2 Bf8 34. h4 Kg7 35. g4 Be7 36. Be1 Nd7 37. Qd5 Qd8 38. g5 Kh8 39.
Bc3 h6 40. Qf7 hxg5 41. Qxg6 Qf8 42. hxg5 Qg7 43. Qh5+ Qh7 44. Qe8+ Bf8 45.
Bxe5+ Nxe5 46. Qxf8+ 1-0

[Event "ESP-ch Rapid 2018"]
[Site "Linares"]
[Date "2018.08.19"]
[Round "6"]
[White "Santos Ruiz, Miguel"]
[Black "Moreno Trujillo, Alejandro"]
[Result "1/2-1/2"]
[WhiteElo "2517"]
[BlackElo "2497"]
[Annotator "ChessBase"]
[EventDate "2018.08.19"]
[PlyCount "71"]
[EventType "team-tourn"]
[EventCountry "ESP"]

1. d4 d5 2. c4 c6 3. Nf3 Nf6 4. e3 Bf5 5. Nc3 e6 6. Nh4 Bg6 7. Be2 Nbd7 8.
g3 Be7 9. O-O O-O 10. Nxg6 hxg6 11. b3 Qa5 12. Qc2 Rac8 13. Bb2 Ba3 14.
Bxa3 Qxa3 15. Rab1 Qe7 16. c5 e5 17. b4 Rfe8 18. Rfe1 Qe6 19. Qd2 Qh3 20.
Bf1 Qh6 21. Bg2 exd4 22. Qxd4 a6 23. e4 dxe4 24. Nxe4 Nxe4 25. Qxd7 Qd2 26.
Qxd2 Nxd2 27. Rbd1 Rxe1+ 28. Rxe1 Kf8 29. Rd1 Rd8 30. f4 Ke7 31. Re1+ Kf8
32. a4 Nb3 33. Rb1 Rd3 34. Bf1 Rc3 35. Rd1 Ke7 36. Re1+ 1/2-1/2

[Event "ESP-ch Rapid 2018"]
[Site "Linares"]
[Date "2018.08.19"]
[Round "6"]
[White "Arizmendi Martinez, Julen Luis"]
[Black "Martin Rueda, Daniel"]
[Result "0-1"]
[WhiteElo "2507"]
[BlackElo "2267"]
[Annotator "ChessBase"]
[EventDate "2018.08.19"]
[PlyCount "84"]
[EventType "team-tourn"]
[EventCountry "ESP"]

1. e4 c5 2. Nf3 d6 3. d4 cxd4 4. Nxd4 Nf6 5. Nc3 Nc6 6. Bg5 e6 7. Qd2 a6 8.
O-O-O Bd7 9. f3 h6 10. Be3 b5 11. Nxc6 Bxc6 12. Ne2 Rc8 13. Nd4 Bb7 14. g4
Nd7 15. h4 Qc7 16. Kb1 Ne5 17. Be2 Nc4 18. Bxc4 Qxc4 19. Nb3 Qc7 20. Bd4 d5
21. e5 b4 22. f4 a5 23. f5 a4 24. Nc1 Ba6 25. Rh3 Bc5 26. Bxc5 Qxc5 27. Nd3
Bxd3 28. Rxd3 O-O 29. f6 Rfd8 30. fxg7 Kxg7 31. Rf3 a3 32. b3 d4 33. Rf6
Qxe5 34. Qxh6+ Kg8 35. Rdf1 Rxc2 36. Qg5+ Qxg5 37. hxg5 Rb2+ 38. Ka1 d3 39.
g6 d2 40. gxf7+ Kf8 41. Rd1 Rc8 42. Rff1 Rcc2 0-1

[Event "ESP-ch Rapid 2018"]
[Site "Linares"]
[Date "2018.08.19"]
[Round "6"]
[White "Espinosa Aranda, Angel"]
[Black "Centron Antuna, Daniel"]
[Result "1-0"]
[WhiteElo "2451"]
[BlackElo "2231"]
[Annotator "ChessBase"]
[EventDate "2018.08.19"]
[PlyCount "65"]
[EventType "team-tourn"]
[EventCountry "ESP"]

1. d4 f5 2. Nc3 Nf6 3. Bg5 d5 4. e3 Nbd7 5. Nge2 h6 6. Nf4 Kf7 7. Bxf6 Nxf6
8. Qf3 e6 9. h3 Bd6 10. Bd3 c6 11. g4 e5 12. dxe5 fxg4 13. hxg4 Bxg4 14.
e6+ Kg8 15. Qg3 g5 16. f3 gxf4 17. exf4 Qc7 18. Ne2 Qb6 19. fxg4 Qxb2 20.
Rd1 Ne8 21. g5 hxg5 22. Qxg5+ Qg7 23. Rxh8+ Kxh8 24. Qh4+ Kg8 25. Kd2 Bc5
26. Rh1 Qf6 27. Qh7+ Kf8 28. Rh6 Bb4+ 29. c3 Bxc3+ 30. Kc2 Qg7 31. Nxc3 Nf6
32. Qxg7+ Kxg7 33. Rg6+ 1-0